"Which Side Are You On?" fill in the lyrics - Statistics

General Stats
  • This quiz has been taken 10 times
  • The average score is 29 of 36
Answer Stats
Original "Which Side Are You On?" % Correct
Good {news} to you I'll tell
100%
My daddy was a {miner}
100%
There are {no} neutrals there
100%
'Til every battle's {won}
100%
Which {side} are you on?
100%
Which {side} are you on?
100%
Which {side} are you on?
100%
Which {side} are you on?
100%
Which {side} are you on?
100%
Which {side} are you on?
100%
Which {side} are you on?
100%
Which {side} are you on?
100%
Which {side} are you on?
100%
Which {side} are you on, boys?
100%
Which {side} are you on, boys?
100%
Which {side} are you on, boys?
100%
And I'll stick with the {union}
88%
And I'm a miner's {son}
88%
Of how the good ol' {union}
88%
They say in Harlan {County}
88%
To fight for the {union} anymore
88%
You'll either be a {union} man
88%
Come all of you good {workers}
75%
And parliament made it {law}
63%
For together we {cannot} fail
63%
It seems like it's {illegal}
63%
They said, "Go home boys or you're going to {jail}"
63%
This {government} had an idea
63%
We set out to join the {picket} line
63%
Why her Daddy can't go {back}
63%
It's hard to explain to a crying {child}
50%
To hear a {scab} say, "Sod you, Jack"
50%
We got stopped by {police} at the county line
50%
Has come in here to {dwell}
38%
Or a {thug} for J. H. Blair
38%
So the {family} suffer, but it hurts me more
38%
No matching quizzes found
Score Distribution
Percent of People with Each Score
Percentile by Number Answered
Your Score History
You have not taken this quiz